000 00298nam a22001337a 4500
008 180125b xxu||||| |||| 00| 0 eng d
020 _a9780976181507
041 _aeng
080 _a32
100 _a21
101 _apol
245 _athe faces of public health
_cadams.m
942 _2udc
_cBK
999 _c40903
_d40903